000 02709nam a22002417a 4500
003 OSt
005 20241015191344.0
008 241015b |||||||| |||| 00| 0 eng d
020 _a9789585132092
040 _aCO-UdeC
_besp
_cCO-UdeC
_dCO-UdeC
082 0 4 _a320.011
_bN157
100 1 _aNaím, Moisés
_92730
245 1 3 _aLa revancha de los poderosos :
_bun libro para entender cómo se obtiene, se usa, se abusa y se pierde el poder en el siglo XXI /
_cMoisés Naím.
260 3 _aBogotá :
_bDebate,
_c2022.
300 _a368 p. ;
_c24 cm.
505 0 0 _aLa era del populismo, la polarización y la posverdad -- El ataque mundial contra los pesos y contrapesos que definen la democracia -- La política de los fans -- Las herramientas del poder -- La búsqueda de culpables -- Un mundo seguro para la autocracia -- El poder empresarial: ¿permanente o efímero? -- Antipolítica, la autopista al populismo -- El poder después de la verdad -- Estados mafiosos y gobiernos criminales --Los autócratas 3P se globalizan -- El poder y la pandemia -- Cinco batallas que debemos ganar -- Dar un hogar político a quien lo ha perdido
520 _a"En todo el mundo, las democracias se enfrentan a un enemigo nuevo e implacable que no tiene ejército ni armada; no procede de ningún país que podamos señalar en el mapa, porque no viene de ahí afuera, sino de aquí dentro. En lugar de desafiar a las sociedades libres con la destrucción desde el exterior, amenaza con corroerlas desde el interior. Un peligro como este es esquivo, difícil de identificar, de distinguir, de describir. Todos lo notamos, pero nos cuesta darle nombre. Se derraman ríos de tinta tratando de definir sus elementos y características, pero se nos sigue escapando. Nuestro deber, por tanto, es nombrarlo para así comprenderlo, combatirlo y derrotarlo. ¿Cuál es este nuevo enemigo que atenta contra nuestra libertad, nuestra prosperidad y hasta nuestra supervivencia como sociedades democráticas? La respuesta es el poder, en una forma nueva y maligna. En todas las épocas ha habido una o más formas de maldad política; la que estamos viviendo hoy es una potente variante que imita la democracia, al tiempo que la socava y neutraliza los controles que limitan el abuso del poder por parte de los gobiernos. Parece que el poder haya estudiado todos los controles concebidos por las sociedades libres para eludirlos y, después, contraatacar. Este libro explica por qué estamos ante la revancha de los poderosos. " [tomado de contraportada]
650 0 4 _aPoder político
_92731
650 0 4 _aAutoritarismo
_92734
650 0 4 _aPopulismo
_92733
650 0 4 _aNoticias falsas
_92732
942 _2ddc
_cBK
_h320.011 N157
_n0
999 _c1917
_d1917